00725nam a22002417a 4500003000500000005001700005008004100022010001000063011001000073035001000083040000900093082001400102100002100116245006300137260004400200300002000244490006400264650002100328650003000349700001700379700002300396830006400419CHAP20220817042812.0971013s1963 r 00010 d a56135 a57107 a61260 cCHAP a693.5bS500aShewmaker, R. E. aVery small scale reinforced concrete-multipanel flat slabs aUrbana :bUniversity of Illinois,c1963 a171 p.b: ilus. aCivil Engineering Studies Structural Research Seriesv; 26514aConcreto armado.14aConcretoxConstrucciones.0 aSozen, M. A.0 aXanthakis, Manuel.0 aCivil Engineering Studies Structural Research Seriesv; 265